| 000 | 00605nam a22001817a 4500 | ||
|---|---|---|---|
| 003 | 0 | ||
| 005 | 20250107123934.0 | ||
| 008 | 250107b xxu||||| |||| 00| 0 eng d | ||
| 020 | _a978-1-03-222611-8 | ||
| 050 |
_aH62 _b.P55 2024 |
||
| 245 |
_aPhilosophical foundations of mixed methods research _bdialogues between researchers and philosophers _cedited by Yafeng Shan |
||
| 260 |
_aNew York City _bRoutledge _cc2024 |
||
| 300 |
_aviii, 261 pages _c24cm. |
||
| 504 | _aIncludes bibliographical references and index. | ||
| 650 | _aMixed method research. | ||
| 650 | _aResearch. | ||
| 942 |
_2lcc _cBK |
||
| 999 |
_c366912 _d366912 |
||